000 00444nam a2200157 i 4500
001 24577
003 ES-MaACL
005 20230906153056.0
007 t|
008 021218s1942 sp ||||1| spa d
100 1 _aAntón del Olmet, Casilda de.
_921945
245 1 0 _aCien sonetos /
_cCasilda de Antón del Olmet.
260 _aMadrid :
_b[s.n.,
_c1942] (
_fAugusto Boné Alarcón)
300 _a125 p. ;
_c17 cm.
852 _aES-MaACL
_j1829-F-7
999 _c24577
_d24577